| 000 | 02102nam a2200313Ia 4500 | ||
|---|---|---|---|
| 003 | OSt | ||
| 005 | 20221006153319.0 | ||
| 006 | a|||||r|||| 00| 0 | ||
| 007 | ta | ||
| 008 | 221006b |||||||| |||| 00| 0 eng d | ||
| 020 | _a 4931444385 (V.5) | ||
| 020 | _a 4931444393 (V.6) | ||
| 020 | _a 4931444628 (V.8) | ||
| 020 | _a 4931444644 (V.7) | ||
| 020 |
_a4931444377 (V.4) _c¥62500 (Total) |
||
| 024 | _a31,969 | ||
| 037 |
_bGift, Toshiba International Foundation _cTextual |
||
| 040 |
_aEASL _cEASL _beng |
||
| 041 |
_2eng _aeng |
||
| 082 | _az42,N, P2.4-.12 | ||
| 245 | 0 | _aCollected writings of modern western scholars on Japan, Vol. 4-12 | |
| 260 |
_aSurrey _bJapan Library _c2002 |
||
| 300 |
_ap. _ccm. |
||
| 490 |
_v 9 _aCollected writings of modern western scholars on Japan |
||
| 500 | _a4: Collected writings of P.G. O'Neill, 2001; 356p. (Drama, Literature festivals, language; 5: Collected writings of W.G. Beasley, 2001; 286p. (Japanese foreign relations, Meiji restoration); 6: Collected writings of Ivan Nish, Pt. I, 2001; 291p. (Japanese history 1902 - 1976); 7: Collected writings of Ivan Nish, Pt. 2, 2001; 442p.(Nineteenth century and after - History - Japan Manchurian crisis); 8: Collected writings of Ronald Dore, 2002; 372p. (Japanese politics, Japanese economy); 9: Collected writings of Richard Storry, 2002; 356p. (Mukden incident, war and peace, Kinjo Tenno - emperor of Japan); 10: Collected writings of J.A.A. Stockwin, 2004; 551p. (Japanese elections, Japanese political parties, Japanese political system, Political factionalism); 11: Collected writings of J.Thomas Rimer, 2004; 555p. (writings on Noh, writings on Japanese poetry, writings on Mori Ogai, Japan's modern theatre, Japanese literature, art and artistry); 12: Collected writings of Gordon Daniels, 2004; 525p. (Bakumatsu, pacific war, Japanese history, historiography and historians, post war Japanese relations, cinema, sports and mass media) | ||
| 650 | _aJEL | ||
| 942 |
_hz42,N, P2.4-.12 _cTEXL _2CC |
||
| 999 |
_c1100055 _d1100055 |
||